000 00645nam a2200205Ia 4500
003 GCL
008 140319s9999 xx 000 0 ara d
020 _a9630059960
040 _aGCL /
_cGCL
082 0 4 _a708
_bج ع
100 1 _aجاكسون - مارجريت
245 1 0 _aالعرض الابداعي و البيئة التعليمية /
_cجاكسون - مارجريت
250 _aالاولى
260 _aالرياض :
_bمكتبة الملك فهد الوطنية
300 _a163 ص ؛
_c24 سم
650 0 4 _aالتصميم الزخرفى
650 0 4 _aالفن - معارض
650 0 4 _aالمعارض
942 _2ddc
_cBK
999 _c7107
_d7107